Najwięcej wygranych w Fame MMA - Statystyki

Ogólne statystyki
  • Ten quiz został rozwiązany 1 686 razy
    1 382 od ostatniego zresetowania
  • Średni wynik to 6 z 13
Statystyki odpowiedzi
Liczba Wygranych Bilans Zawodnik % Poprawnych
6 6-1 Don Kasjo
87%
6 6-3 Adrian Polak
67%
6 6-2 Dawid Malczyński
67%
5 5-1 Wiewiór
54%
3 3-5 Ferrari
52%
5 5-2 Krycha
46%
3 3-0 Kubańczyk
42%
4 4-1 Tańcula
39%
4 4-1 Linkimaster
35%
3 3-1 Arab
26%
3 3-0 Bestia
26%
3 3-0 Blońsky
24%
3 3-1 Parke
20%
Nie znaleziono quizów pasujących do podanych kryteriów
Rozkład punktacji
Procent ludzi z każdym wynikiem
Percentyl według liczby udzielonych odpowiedzi
Twoja historia wyników
Nie rozwiązałeś tego quizu od ostatniego zresetowania